Laurel Hell - Mitski Songs - Statistics

General Stats
  • This quiz has been taken 324 times
  • The average score is 9 of 11
Answer Stats
Answer % Correct
Working For The Knife
89%
Stay Soft
88%
Should've Been Me
87%
The Only Heartbreaker
87%
Love Me More
84%
That's Our Lamp
83%
Valentine, Texas
83%
Heat Lightning
81%
I Guess
77%
Everyone
73%
There's Nothing Left For You
62%
No matching quizzes found
Score Distribution
Percent of People with Each Score
Percentile by Number Answered
Your Score History
You have not taken this quiz